La idiotez de lo perfecto

Detalles Bibliográficos
Autor principal: Herzog Mr̀quez, Jess︢ Silva
Formato: Libro
Lenguaje:inglés
Publicado: Mx̌ico Fondo de Cultura Econm̤ica 2006
Materias:
Acceso en línea:Acceso restringido

MARC

LEADER 00000nam a22000007a 4500
005 20151216124933.0
007 cr|||| ||u|
008 151216s2006 mx ||||| |||| 00||0 eng d
020 |a 978-968-16-7795-4 
035 |a 12965 
040 |a vLex 
090 |c 5734  |d 5734 
100 1 |a Herzog Mr̀quez, Jess︢ Silva 
245 1 3 |a La idiotez de lo perfecto  |h [Recurso electrn̤ico] /  |c Jess︢ Silva-Herzog Mr̀quez  
256 |a Servicio en ln̕ea 
260 |a Mx̌ico  |b Fondo de Cultura Econm̤ica   |c 2006 
300 |a 1 recurso electrn̤ico (194 Pg̀inas.) 
500 |a Miradas a la polt̕ica. 
506 1 |a Contenido solo disponibel en los productos indicados   |d vLex Global  |d vLex Global (Academic Edition, excluding Law Schools)  |d vLex Global (U.S. Academic Edition, Law Schools)  |d vLex Global (U.S. Academic Edition, excluding Law Schools)  |d vLex Global (Academic Edition, Law Schools) 
650 0 4 |a Ilegalidad  |z Mx̌ico 
740 0 |a vLex libros (servicio en ln̕ea) 
856 4 0 |u http://vlex.com/source/idiotez-perfecto-12965  |z Acceso restringido 
942 |c BOOK 
999 0 |a Ilegal